MDQL
is popping MORE tags! Check the
thread
!
Quizzes
Events
Quiz Creation
Community
Videos
Private Events
Remove Ads
Sign In
Join for FREE
Feedback
Dark Mode
Quiz Categories
Sports
Geography
Music
Movies
Television
Just For Fun
Miscellaneous
History
Literature
Language
Science
Gaming
Entertainment
Religion
Holiday
For Kids
Quiz Lab
Recent
Popular Today
Quiz Kudos Today
Editor Picks
Curator Picks
Quizzes by...
Day
Popularity
Type
Ratings
Length
Year
Community
Subscriptions
Recent Discussions
Orange Saloon
Badges
Playlists
Quests
Create
Leaderboards
Showdown
Live 5
Trivia Bingo
Activity
Puzzle Library
Sporcle Events
Private Events
Virtual Trivia
Globe League
Become a Host
Pub Owners
SporcleCon
Opinionation
Our Games
Videos
Blog
Mobile Apps
Partnerships
Remove Ads and Go Orange
Feedback
Television
TV Characters
TV Show
Sitcom
Network
Friends
Reality Shows
Cast
South Park
Star Trek
The Simpsons
Doctor Who
Television
TV Characters
TV Show
Sitcom
Network
Friends
Reality Shows
Cast
South Park
Star Trek
The Simpsons
Doctor Who
Random Quiz
Search Sporcle
×
Quiz Lab
Quiz Lab
Television
Cast
Type in answers that appear in a list
Type in answers that appear in a list
Classic
Best Score? Go Orange.
'Carlos, Rey Emperador' cast Stats
Can you name the actors in 'Carlos, Rey Emperador' TV series?
By
sergiobonillagar
15m
37 Questions
8 Plays
8 Plays
8 Plays
Comments
Comments
Give Quiz Kudos
Give Quiz Kudos
-
- Ratings
hide this ad
Replay
Link that replays current quiz
Next Quiz
Link to next quiz in quiz playlist
You Got
0%
They Got
Avg Score
46%
Avg Friend Score
Upgrade to see
Score Distribution
Jump to the score distribution portion of the page
Score
0/37
Timer
15:00
0
Plays Today
Hint
Answer
% Correct
Carlos I de España
Alvaro Cervantes
87.5%
Isabel de Portugal
Blanca Suarez
87.5%
Germana de Foix
Nathalie Poza
75%
Luisa de Saboya
Susi Sanchez
75%
Leonor de Austria
Marina Salas
75%
Francisco I de Francia
Alfonso Bassave
62.5%
Guillermo de Croy, señor de Chièvres
Helio Pedregal
62.5%
Adriano de Utretcht
Francesc Orella
62.5%
Margarita de Austria
Monica Lopez
62.5%
Fernando de Austria
Eric Balbas
62.5%
María de Hungría
Laia Costa
62.5%
Juana la Loca
Laia Marull
62.5%
María Tudor
Angela Cremonte
62.5%
Felipe II
Marcel Borras
62.5%
Hernán Cortés
Jose Luis Garcia Perez
50%
Fadrique de Alba
Ramon Barea
50%
Fernando de Alba
Felix Gomez
50%
Francisco de Borja
Victor Clavijo
50%
Claudia de Francia
Eva Rufo
50%
Hint
Answer
% Correct
Catalina de Aragón
Melida Molina
50%
Catalina de Austria
Guiomar Puerta
50%
María Pacheco
Irene Ruiz
37.5%
Mercurino Gattinara
Juanjo Puigcorbe
37.5%
Anne de Montmorency
Daniel Perez
37.5%
Francisca de Foix
Meritxell Calvo
37.5%
Cuauhtémoc
Nelson Dante
37.5%
Thomas Wolsey
Blai Llopis
37.5%
Papa Clemente VII
Angel de Andres
37.5%
Juan de Padilla
Israel Elejalde
25%
Catalina Juárez
Lucía Barrado
25%
Enrique VIII
Alex Brendemuhl
25%
Manuel de Portugal
Joan Crosas
25%
Federico de Sajonia
Andres Lima
12.5%
Martin Lutero
Mingo Rafols
12.5%
Emperador Moctezuma
Cristian Esquivel
12.5%
Diego Velázquez
Juanma Lara
12.5%
Malinche
Iazua Larios
12.5%
Quiz Playlist
Details
Report
Send in Message
Add To Playlist
Classic:
Type in answers that appear in a list
Quiz Source
Last Updated: Feb 16, 2017
Quiz Scoreboard
CHALLENGE
Sign Up to Join the Scoreboard
Show All
Scores
Hide
Comments
May contain spoilers
Recently Published
Two Season TV Shows II
by 123Four
Television
10m
Image Sorting: Flags VI
by Barbecue
Geography
2m
Find the 'City' Movie
by crazypaving
Movies
60s
More to Explore
Quiz From the Vault
Featured Blog Post
14 Easter Pick-up Lines to Find Eggs With
hide this ad
You Might Also Like...
Tags
Actor Quiz
Cast Quiz
carlo
Rey
Today's Top Quizzes in Television
Browse Television
hide this ad
Today's Top Quizzes in Cast
Browse Cast
Top Contributed Quizzes in Television
1
Survivor Journey Challenge
2
Brooklyn Nine Nine Logic Puzzle (How-To-Play)
3
Adjectives in 00s TV Shows
4
Total Drama Characters
5
Survivor Logic Puzzle: Heroes vs. Villains
6
Phoebe Buffay Quotes
7
Survivor Heroes vs. Villains Logic Puzzle
8
Survivor Trivia
9
Emmerdale Characters (from August 2012)
10
Adjectives in 10s TV Shows
Explore More
Trending Topics
Anime
Harry Potter
Marvel
Kpop
Disney
NBA
Crossword
Puzzle
NFL
Country
Pokémon
The Office
Song
Soccer
WWE
hide this ad
More By:
sergiobonillagar
Quiz
Plays
Rating
Category
Featured
Created
Battle Royale (novel) death order
701
Literature
Mar 9, 2016
14 highest mountains in the world
92
5.00
Geography
Dec 1, 2017
Pitchfork BNM 2013
72
Music
Dec 13, 2015
42 contestants in Battle Royale manga
71
Literature
Jan 9, 2016
New electronic / experimental artists
27
5.00
Music
Jul 10, 2017
Go to Creator's Profile
Score Distribution
Quiz Creator Spotlight
sergiobonillagar
Follow
Send a Message
Quizzes Created
-
Created Quiz Play Count
-
More By This Creator
Popular Quizzes Today
1
Find the US States - No Outlines Minefield
2
Colored Red Africa Blitz
3
Find the 'City' Movie
4
5x2 Blitz: Bands
5
The Countries of the World
6
Find the Countries of Europe - No Outlines Minefield
7
Find the US States
8
US States
More Television Quizzes
Finish the Famous Daryl Dixon Quote
Quiz Lab
Trending Quizzes
Colored Red Europe Blitz I
Colored Red Africa Blitz II
Colored Red Europe Blitz II
Colored Red Africa Blitz III
Colored Red Europe Blitz III
Recently Updated
How Do You Spell That?
pecheneg
Godzilla Movies
pecheneg
Grab Bag: 4-10 Letters
pecheneg
2024 March Madness Bracket
pecheneg
Famous TV Couples
Peacemaker
Champions League XIs: Real Madrid
pecheneg
Largest US Cities 1790-2010
pecheneg
Rides in Walt Disney World
pecheneg
Most Oscar Losses (Acting)
pecheneg
Beyoncé Albums
pecheneg
Trending Topics
Harry Potter
Anime
NBA
Marvel
Kpop
Crossword
Disney
Soccer
Puzzle
Song
Country
The Office
WWE
Pokémon
NFL
Your Account Isn't Verified!
In order to create a playlist on Sporcle, you need to verify the email address you used during registration. Go to your
Sporcle Settings
to finish the process.
Report this User
Report this user for behavior that violates our
Community Guidelines
.
Details:
Send Report
Go to the Sporcle.com Mobile Site →
Comments